Les départements traversés par les autoroutes - Statistiques

Statistiques générales
  • Ce quiz a été pris 138 fois
  • Le résultat moyen est 96 sur 228
Statistiques - réponses
Hint Réponse % Correct
A1 Paris
97%
A1 Nord
84%
A1 Seine-Saint-Denis
84%
A1 Pas-de-Calais
83%
A1 Somme
82%
A1 Oise
81%
A1 Val-d'Oise
81%
A7 Rhône
70%
A7 Bouches-du-Rhône
67%
A7 Drôme
66%
A7 Vaucluse
66%
A7 Isère
64%
A9 Gard
63%
A9 Hérault
63%
A9 Vaucluse
63%
A9 Aude
62%
A4 Paris
62%
A9 Pyrénées-Orientales
62%
A6 Rhône
62%
A6 Seine-et-Marne
62%
A8 Alpes-Maritimes
61%
A4 Bas-Rhin
61%
A8 Bouches-du-Rhône
61%
A4 Meurthe-et-Moselle
61%
A4 Meuse
61%
A4 Moselle
61%
A4 Seine-et-Marne
61%
A8 Var
61%
A4 Marne
60%
A6 Saône-et-Loire
60%
A4 Val-de-Marne
60%
A6 Essonne
58%
A4 Seine-Saint-Denis
58%
A6 Yonne
58%
A4 Aisne
57%
A6 Côte-d'Or
57%
A6 Loiret
57%
A10 Gironde
56%
A5 Seine-et-Marne
56%
A5 Aube
55%
A10 Charente-Maritime
55%
A10 Essonne
55%
A5 Yonne
55%
A10 Yvelines
55%
A10 Eure-et-Loir
54%
A10 Loiret
54%
A2 Nord
54%
A2 Somme
54%
A10 Vienne
54%
A5 Haute-Marne
53%
A10 Loir-et-Cher
53%
A2 Pas-de-Calais
53%
A10 Deux-Sèvres
52%
A10 Indre-et-Loire
52%
A3 Paris
51%
A10 Hauts-de-Seine
49%
A11 Loire-Atlantique
49%
A3 Seine-Saint-Denis
49%
A3 Val-d'Oise
49%
A11 Eure-et-Loir
48%
A11 Sarthe
48%
A11 Yvelines
48%
A11 Maine-et-Loire
47%
A13 Calvados
44%
A75 Cantal
44%
A13 Eure
44%
A13 Hauts-de-Seine
44%
A13 Paris
44%
A89 Gironde
43%
A75 Hérault
43%
A71 Loiret
43%
A26 Nord
43%
A26 Pas-de-Calais
43%
A13 Seine-Maritime
43%
A13 Yvelines
43%
A26 Aisne
42%
A71 Allier
42%
A71 Cher
42%
A89 Dordogne
42%
A89 Loire
42%
A75 Lozère
42%
A26 Marne
42%
A71 Puy-de-Dôme
42%
A75 Puy-de-Dôme
42%
A89 Puy-de-Dôme
42%
A64 Pyrénées-Atlantiques
42%
A89 Rhône
42%
A26 Aube
40%
A75 Aveyron
40%
A89 Corrèze
40%
A64 Haute-Garonne
40%
A75 Haute-Loire
40%
A19 Loiret
40%
A71 Loir-et-Cher
40%
A12 Yvelines
40%
A40 Ain
39%
A20 Cher
39%
A20 Corrèze
39%
A62 Gironde
39%
A40 Haute-Savoie
39%
A20 Haute-Vienne
39%
A20 Indre
39%
A64 Landes
39%
A16 Nord
39%
A16 Oise
39%
A16 Pas-de-Calais
39%
A40 Saône-et-Loire
39%
A86 Seine-Saint-Denis
39%
A16 Somme
39%
A16 Val-d'Oise
39%
A19 Yonne
39%
A20 Creuse
38%
A63 Gironde
38%
A61 Haute-Garonne
38%
A62 Haute-Garonne
38%
A64 Hautes-Pyrénées
38%
A63 Landes
38%
A20 Lot
38%
A62 Lot-et-Garonne
38%
A31 Meurthe-et-Moselle
38%
A31 Moselle
38%
A63 Pyrénées-Atlantiques
38%
A20 Tarn-et-Garonne
38%
A86 Val-de-Marne
38%
A41 Haute-Savoie
37%
A14 Hauts-de-Seine
37%
A41 Isère
37%
A43 Isère
37%
A43 Rhône
37%
A47 Rhône
37%
A41 Savoie
37%
A43 Savoie
37%
A14 Yvelines
37%
A42 Ain
36%
A61 Aude
36%
A31 Côte-d'Or
36%
A49 Drôme
36%
A49 Isère
36%
A47 Loire
36%
A42 Rhône
36%
A46 Rhône
36%
A31 Vosges
36%
A39 Ain
35%
A46 Ain
35%
A54 Bouches-du-Rhône
35%
A36 Côte-d'Or
35%
A36 Doubs
35%
A54 Gard
35%
A68 Haute-Garonne
35%
A31 Haute-Marne
35%
A36 Haut-Rhin
35%
A48 Isère
35%
A39 Jura
35%
A65 Pyrénées-Atlantiques
35%
A39 Saône-et-Loire
35%
A26 Somme
35%
A62 Tarn-et-Garonne
35%
A36 Territoire-de-Belfort
35%
A15 Val-d'Oise
35%
A51 Alpes-de-Haute-Provence
34%
A51 Bouches-du-Rhône
34%
A52 Bouches-du-Rhône
34%
A55 Bouches-du-Rhône
34%
A39 Côte-d'Or
34%
A66 Haute-Garonne
34%
A51 Hautes-Alpes
34%
A15 Hauts-de-Seine
34%
A51 Isère
34%
A36 Jura
34%
A25 Nord
34%
A28 Sarthe
34%
A28 Seine-Maritime
34%
A28 Somme
34%
A68 Tarn
34%
A57 Var
34%
A51 Vaucluse
34%
A28 Eure
33%
A65 Gironde
33%
A28 Indre-et-Loire
33%
A65 Landes
33%
A77 Nièvre
33%
A21 Nord
33%
A22 Nord
33%
A23 Nord
33%
A28 Orne
33%
A66 Ariège
31%
A35 Bas-Rhin
31%
A50 Bouches-du-Rhône
31%
A35 Haut-Rhin
31%
A86 Hauts-de-Seine
31%
A86 Paris
31%
A21 Pas-de-Calais
31%
A50 Var
31%
A86 Essonne
30%
A72 Loire
30%
A27 Nord
30%
A86 Yvelines
30%
A38 Côte-d'Or
29%
A83 Deux-Sèvres
29%
A85 Indre-et-Loire
29%
A83 Loire-Atlantique
29%
A77 Loiret
29%
A85 Loir-et-Cher
29%
A85 Maine-et-Loire
29%
A77 Seine-et-Marne
29%
A83 Vendée
29%
A84 Calvados
28%
A84 Ille-et-Vilaine
28%
A84 Manche
28%
A30 Meurthe-et-Moselle
28%
A33 Meurthe-et-Moselle
28%
A30 Moselle
28%
A29 Aisne
27%
A79 Allier
27%
A79 Saône-et-Loire
27%
A29 Seine-Maritime
27%
A29 Somme
27%
A29 Calvados
26%
A81 Sarthe
26%
A34 Ardennes
25%
A82 Loire-Atlantique
25%
A34 Marne
25%
A81 Mayenne
25%
A29 Eure
24%
A87 Maine-et-Loire
24%
A87 Vendée
24%
A88 Calvados
17%
A88 Orne
17%
Aucun quiz correspondant
Distribution des résultats
% des personnes avec chaque résultat
Percentile par nombre de réponses
Votre historique - résultats
Vous n’avez pas pris ce quiz